Copperbelt university : 22nd Graduation ceremony Friday 26th july 2013 (Record no. 83331)

MARC details
000 -LEADER
fixed length control field 00749nam a22002297a 4500
003 - CONTROL NUMBER IDENTIFIER
control field CBULib
005 - DATE AND TIME OF LATEST TRANSACTION
control field 20250425075553.0
008 - FIXED-LENGTH DATA ELEMENTS--GENERAL INFORMATION
fixed length control field 231027b |||||||| |||| 00| 0 eng d
040 ## - CATALOGING SOURCE
Original cataloging agency CBULib
Language of cataloging eng
Transcribing agency CBULib
Modifying agency CBULib
Description conventions rda
041 ## - LANGUAGE CODE
Language code of sung or spoken text eng
050 ## - LIBRARY OF CONGRESS CALL NUMBER
Classification number CBU(058)GC/2013F
111 ## - MAIN ENTRY--MEETING NAME
Meeting name or jurisdiction name as entry element The Copperbelt University
9 (RLIN) 570
245 ## - TITLE STATEMENT
Title Copperbelt university : 22nd Graduation ceremony Friday 26th july 2013
Statement of responsibility, etc / by Copperbelt university
260 ## - PUBLICATION, DISTRIBUTION, ETC. (IMPRINT)
Place of publication, distribution, etc Kitwe:
Name of publisher, distributor, etc copperbelt university,
Date of publication, distribution, etc 2013.
300 ## - PHYSICAL DESCRIPTION
Extent 70 pages : illustrations
336 ## - CONTENT TYPE
Source rdacontent
Content type term Text |
Content type code txt
337 ## - MEDIA TYPE
Source rdamedia
Media type term Unmediated |
Media type code n
338 ## - CARRIER TYPE
Source rdacarrier
Carrier type term Volume
Carrier type code nc
650 #0 - SUBJECT ADDED ENTRY--TOPICAL TERM
9 (RLIN) 1030
Topical term or geographic name as entry element CBU--GRADUATION CEREMONY
650 #0 - SUBJECT ADDED ENTRY--TOPICAL TERM
9 (RLIN) 1031
Topical term or geographic name as entry element CBU--ANNUAL REPORTS
942 ## - ADDED ENTRY ELEMENTS (KOHA)
Source of classification or shelving scheme
Koha item type INTERNATIONAL PUBLICATIONS
Holdings
Withdrawn status Lost status Source of classification or shelving scheme Damaged status Not for loan Collection code Permanent Location Current Location Shelving location Date acquired Source of acquisition Full call number Barcode Date last seen Price effective from Koha item type Copy number Total Checkouts
            CBU-MAIN LIBRARY, KITWE. CBU-MAIN LIBRARY, KITWE. Special Collections 10/27/2023 DEP-CBU CBU(058)GC/2013F B1113 10/27/2023   INTERNATIONAL PUBLICATIONS 5  
          Special Collections CBU-MAIN LIBRARY, KITWE. CBU-MAIN LIBRARY, KITWE. Special Collections 10/27/2023 DEP-CBU CBU(058)GC/2013C B1100 10/27/2023 10/27/2023 INTERNATIONAL PUBLICATIONS    
          Special Collections CBU-MAIN LIBRARY, KITWE. CBU-MAIN LIBRARY, KITWE. Special Collections 10/27/2023 DEP-CBU CBU(058)GC/2013C B985 10/27/2023 10/27/2023 INTERNATIONAL PUBLICATIONS 5  
          Special Collections CBU-MAIN LIBRARY, KITWE. CBU-MAIN LIBRARY, KITWE. Special Collections 10/27/2023 DEP-ZAM CBU(059)GC/2013A B984 10/27/2023 10/27/2023 INTERNATIONAL PUBLICATIONS    
            CBU-MAIN LIBRARY, KITWE. CBU-MAIN LIBRARY, KITWE.   10/27/2023       10/27/2023 10/27/2023 INTERNATIONAL PUBLICATIONS    
            CBU-MAIN LIBRARY, KITWE. CBU-MAIN LIBRARY, KITWE.   12/15/2023       12/15/2023 12/15/2023 INTERNATIONAL PUBLICATIONS    
            CBU-MAIN LIBRARY, KITWE. CBU-MAIN LIBRARY, KITWE.   12/15/2023       12/15/2023 12/15/2023 INTERNATIONAL PUBLICATIONS    
            CBU-MAIN LIBRARY, KITWE. CBU-MAIN LIBRARY, KITWE.   12/15/2023       12/15/2023 12/15/2023 INTERNATIONAL PUBLICATIONS    
            CBU-MAIN LIBRARY, KITWE. CBU-MAIN LIBRARY, KITWE.   12/15/2023       12/15/2023 12/15/2023 INTERNATIONAL PUBLICATIONS    
            CBU-MAIN LIBRARY, KITWE. CBU-MAIN LIBRARY, KITWE.   12/15/2023       12/15/2023 12/15/2023 INTERNATIONAL PUBLICATIONS    
            CBU-MAIN LIBRARY, KITWE. CBU-MAIN LIBRARY, KITWE.   12/15/2023       12/15/2023 12/15/2023 INTERNATIONAL PUBLICATIONS    
          Special Collections CBU-MAIN LIBRARY, KITWE. SPECIAL COLLECTIONS Special Collections 10/27/2023 DEP-ZAM CBU(058)GC/2013F B1114 10/27/2023 10/27/2023 INTERNATIONAL PUBLICATIONS